000 01167nam a22003377a 4500
003 CHAP
005 20220329143150.0
008 d2001 mx r 00110 spa d
010 _a92755
011 _a93727
035 _a104307
040 _cCHAP
090 _aTesis
100 1 _aPacheco Gil, Rosa Angela.
_984553
245 1 3 _aUn enfoque multivariado del índice de desarrollo humano :
_bMéxico 1995-2000
_c/por Rosa Angela Pacheco Gil
260 _aChapingo, Méx. :
_bEl autor,
_c2006.
300 _a60 h.
502 _aTesis (Lic. en Estadísticas) - - UACH. División de Ciencias Forestales
590 _aALEPH
_b10
_c20130110
_lUCH01
_h1513
590 _aBATCH-UPD
_b10
_c20130110
_lUCH01
_h0818
590 _aBATCH-UPD
_b10
_c20130410
_lUCH01
_h0456
590 _aBATCH-UPD
_b10
_c20130914
_lUCH01
_h1145
590 _aCONVERSION
_b10
_c20130109
_lUCH01
_h1351
650 1 4 _aDesarrollo de la comunidad.
_931967
650 1 4 _aMéxico
_xEstadísticas.
_976743
901 _aBK
905 _aLilia
942 _cFOLL
949 _aTesis
_bBC
_cTES
_d00000001043071
_eTS1
_h45731
_i104307
_sb
949 _aTesis
_bBC
_cTES
_d33724000989505
_eTS2
_fc.2
_h45732
_i104307
_sb
999 _c92755
_d92755